Resoluciones técnicas vigentes (Registro nro. 3225)

Detalles MARC
000 -LEADER
fixed length control field 01426 a2200253 4500
001 - CONTROL NUMBER
control field 40460
005 - DATE AND TIME OF LATEST TRANSACTION
control field 20260407155659.0
008 - FIXED-LENGTH DATA ELEMENTS--GENERAL INFORMATION
fixed length control field 260407a2016 arg spa d
003 - CONTROL NUMBER IDENTIFIER
control field AR-UNSa-BCEJYS
040 ## - CATALOGING SOURCE
Original cataloging agency AR-UNSa-BCEJYS
Language of cataloging spa
Transcribing agency AR-UNSa-BCEJYS
080 ## - UNIVERSAL DECIMAL CLASSIFICATION NUMBER
Universal Decimal Classification number 657(083)
Common auxiliary subdivision Resoluciones Técnicas Contables. Informes
020 ## - INTERNATIONAL STANDARD BOOK NUMBER
International Standard Book Number 978-987-01-1973-9
041 ## - LANGUAGE CODE
Language code of text/sound track or separate title spa
100 1# - MAIN ENTRY--PERSONAL NAME
Personal name Federación Argentina de Consejos Profesionales de Ciencias Económicas (FACPCE)
245 10 - TITLE STATEMENT
Title Resoluciones técnicas vigentes
Name of part/section of a work versión 3.7
264 #1 - PRODUCTION, PUBLICATION, DISTRIBUTION, MANUFACTURE, AND COPYRIGHT NOTICE
Place of production, publication, distribution, manufacture Buenos Aires :
Name of producer, publisher, distributor, manufacturer Errepar
Date of production, publication, distribution, manufacture, or copyright notice 2016
300 ## - PHYSICAL DESCRIPTION
Extent 460 p.
Dimensions 27 cm.
505 ## - FORMATTED CONTENTS NOTE
Formatted contents note 1. RT (FACPCE) 6/1984. Estados contables en moneda homogénea - 2. RT (FACPCE) 8/1987. Normas generales de exposición contable - 3. RT (FACPCE) 9/1987. Normas particulares de exposición contable para enter comerciales, industriales y de servicios - 4. RT (FACPCE) 11/1993. Normas particulares de exposición contable para entes sin fines de lucro - 5. RT (FACPCE) 14/1997. Información contable de participaciones en negocios conjuntos - 6. RT (FACPCE) 15/1998. Normas sobre la actuación del contador público como síndico societario - 7. RT (FACPCE) 16/2000
590 ## - LOCAL NOTE (RLIN)
Local note niveau_biblio:m niveau_hierar:0
700 1# - ADDED ENTRY--PERSONAL NAME
Personal name Parada, Ricardo Antonio
700 1# - ADDED ENTRY--PERSONAL NAME
Personal name Errecaborde, José Daniel
856 41 - ELECTRONIC LOCATION AND ACCESS
Uniform Resource Identifier <a href="https://biblioeco.unsa.edu.ar/pmb/images/libros/L125937.jpg">https://biblioeco.unsa.edu.ar/pmb/images/libros/L125937.jpg</a>
Link text Imagen de portada
Electronic format type image/jpeg
942 ## - ADDED ENTRY ELEMENTS (KOHA)
Koha item type
Existencias
Withdrawn status Lost status Damaged status Not for loan Home library Current library Shelving location Date acquired Total checkouts Full call number Barcode Date last seen Price effective from Koha item type Public note
        Biblioteca Prof. Eusebio Cleto del Rey Biblioteca Prof. Eusebio Cleto del Rey   07/04/2026   657(083) F293 v3.7 L125937 07/04/2026 07/04/2026 Libro  
        Biblioteca Prof. Eusebio Cleto del Rey Biblioteca Prof. Eusebio Cleto del Rey   07/04/2026   657(083) F293 v3.7 L125938 07/04/2026 07/04/2026 Libro  
        Biblioteca Prof. Eusebio Cleto del Rey Biblioteca Prof. Eusebio Cleto del Rey   07/04/2026   657(083) F293 v3.7 L125939 07/04/2026 07/04/2026 Libro  
        Biblioteca Prof. Eusebio Cleto del Rey Biblioteca Prof. Eusebio Cleto del Rey   07/04/2026   657(083) F293 v3.7 L125940 07/04/2026 07/04/2026 Libro  
        Biblioteca Prof. Eusebio Cleto del Rey Biblioteca Prof. Eusebio Cleto del Rey   07/04/2026   657(083) F293 v3.7 L125941 07/04/2026 07/04/2026 Libro TAPA DOBLADA - PRIMERAS HOJAS HÚMEDAS -
        Biblioteca Prof. Eusebio Cleto del Rey Biblioteca Prof. Eusebio Cleto del Rey   07/04/2026   657(083) F293 v3.7 L125942 07/04/2026 07/04/2026 Libro  
        Biblioteca Prof. Eusebio Cleto del Rey Biblioteca Prof. Eusebio Cleto del Rey   07/04/2026   657(083) F293 v3.7 L125943 07/04/2026 07/04/2026 Libro  
        Biblioteca Prof. Eusebio Cleto del Rey Biblioteca Prof. Eusebio Cleto del Rey   07/04/2026   657(083) F293 v3.7 L125944 07/04/2026 07/04/2026 Libro  
        Biblioteca Prof. Eusebio Cleto del Rey Biblioteca Prof. Eusebio Cleto del Rey   07/04/2026   657(083) F293 v3.7 L125945 07/04/2026 07/04/2026 Libro  
        Biblioteca Prof. Eusebio Cleto del Rey Biblioteca Prof. Eusebio Cleto del Rey   07/04/2026   657(083) F293 v3.7 L125946 07/04/2026 07/04/2026 Libro